Statistics for Word Ladder: Leafs - Choke

Click here to take the quiz!

General Stats

  • This quiz has been taken 14 times
  • The average score is 10 of 12

Answer Stats

HintAnswer% Correct
Singular of #1 [SUBTRACT LETTER]Leaf
100%
Toronto Maple ____Leafs
100%
Large amount of laundryLoad
92%
Frog counterpartToad
92%
Tell past tenseTold
92%
Brand of sodaCoke
85%
Center of EarthCore
85%
Gross fungusMold
85%
Type of ground animalMole
85%
Greater amountMore
85%
Something they blow oftenLead
77%
Toronto 4 - Boston 1, 2013 [ADD LETTER]Choke
62%

Score Distribution

Percentile by Number Answered

Percent of People with Each Score

Your Score History

You have not taken this quiz